| 000 | 01579cam a22003973a 4500 | ||
|---|---|---|---|
| 001 | 14450031 | ||
| 003 | ARRUPE | ||
| 005 | 20221130090343.0 | ||
| 008 | 060713s1997 tnua b 001 0 eng d | ||
| 010 | _a 2006279305 | ||
| 020 | _a0849945305 | ||
| 028 | _bArrupe | ||
| 035 | _a(OCoLC)ocm62769872 | ||
| 040 |
_aTWV _cTWV _dDLC |
||
| 042 | _alccopycat | ||
| 050 | 0 | 0 |
_aBR115.H86 _bS53 1997b |
| 082 | 0 | 4 |
_a261.8/5 _221 |
| 100 | 1 |
_aSider, Ronald J. _952110 |
|
| 245 | 1 | 0 |
_aRich Christians in an age of hunger : _bmoving from affluence to generosity / _cby Ronald J. Sider. |
| 250 | _aNew ed. | ||
| 260 |
_a[Nashville] : _bW Pub. Group, _cc1997. |
||
| 300 |
_axxi, 335 p. : _bill. ; _c23 cm. |
||
| 500 | _a"Fifth edition"--P. xiii. | ||
| 504 | _aIncludes bibliographical references (p. 271-281) and index. | ||
| 650 | 0 |
_aHunger _xReligious aspects _xChristianity. _952111 |
|
| 650 | 0 |
_aWealth _xReligious aspects _xChristianity. _912110 |
|
| 650 | 0 |
_aEconomics _xReligious aspects _xChristianity. _92726 |
|
| 650 | 0 |
_aFood supply _xReligious aspects _xChristianity. _952112 |
|
| 650 | 0 |
_aSimplicity _xReligious aspects _xChristianity. _952113 |
|
| 650 | 0 |
_aEconomics in the Bible. _952114 |
|
| 856 | 4 | 1 |
_3Table of contents only _uhttp://www.loc.gov/catdir/toc/fy0613/2006279305.html |
| 856 | 4 | 2 |
_3Publisher description _uhttp://www.loc.gov/catdir/enhancements/fy0665/2006279305-d.html |
| 906 |
_a7 _bcbc _ccopycat _d2 _encip _f20 _gy-gencatlg |
||
| 942 |
_2lcc _cMONOGRAPH |
||
| 999 |
_c131604 _d131604 |
||